Регионална библиотека "Любен Каравелов" - Русе

Енеида (Запис номер 429071)

MARC детайли
000 -Лидер
Контролно поле с фиксирана дължина nam a22 a 4500
003 - Код на организацията, давaща контролен номер
Контролно поле BLK
005 - Дата и час на последна редакция
Контролно поле 20210819091519.0
008 - Елементи от данни с фиксирана дължина
fixed length control field 210819b bul|||||r ||||||| ||bul||
040 ## - Източник на каталожния запис
Идентификатор на билиотеката - собственик на записа BLK
041 ## - Код за език
Код за езика на текст/звукозапис или на отделно заглавие Български
Код за езика КДБФ Български
080 ## - УДК
Текстов определител УДК Латинска (римска) литература
УДК код - определител по УДК 821.124
УДК определител -1
УДК - код + определител 821.124-1
100 1# - Редна дума - Автор
Автор Вергилий Марон, Публий
Авторска отговорност първи автор
R(LIN) 277262
139 ## - Редно поле
Редна дума Вергилий Марон, Публий
Авторски знак Верг - В 48
245 10 - Сведения за заглавието
Заглавие Енеида
Подзаглавни данни Поема
Редно поле (дума) Публий Вергилий Марон; Худож. прев. на първообраза от Борис Тонков ; С предг. от Я. Тодоров
260 ## - Област на издателските данни
Място на издаване, разпространение и проч. София
Име на издателя, разпространителя и проч. Казанлъшка долина
Година на издаване 1940
9 (RLIN) 443155
Печатница София : Култура
300 ## - Физическа характеристика
Страници 340 с.
Размери/Мащаб 23 см
380 ## - Жанр
Жанр Худож. лит.
490 ## - СЕРИИ (Колекции)
9 (RLIN) 462758
Име на серия Библиотека Отбрани страници за изучаване на чуждите литератури
700 ## - Други автори (авторска отговорност)
Лично име Тонков, Борис
Автороска отговорност (Описва отношението между автора и произведението) прев.
9 (RLIN) 277282
700 ## - Други автори (авторска отговорност)
Лично име Тодоров, Янко
Автороска отговорност (Описва отношението между автора и произведението) прев.
9 (RLIN) 966
852 ## - Местоположение
Форматна сигнатура Цб 8.230.35883
Фондова буква Хранилище
999 ## - СИСТЕМНИ КОНТРОЛНИ НОМЕРА
Koha biblionumber 429071
Koha biblioitemnumber 429071
942 ## - АРТИКУЛИ
Вид на библиотечния материал Книги
Скрит в OPAC Не
Koha issues (borrowed), all copies 2
Периодичен библиозапис Да
944 ## - СЪЗДАВАНЕ И РЕДАКЦИЯ на ЗАПИСА
Създаване/Редакция Създаване
Дата на регистрацията/редакция 2021-08-19
Служител, извършил регистрацията/редакцията А.М.
999 ## - СИСТЕМНИ КОНТРОЛНИ НОМЕРА
Koha biblioitemnumber 429071
Наличности
Код за отписване Код за изгубен артикул Източник на класификационната схема Код за повреда Коз за рестрикции Код за отдаване Артикулен № Име на библиотеката - собственик Име на библиотеката, в която се намира в момента Статус (Текущо местоположение) Дата на вписване в системата Местоположение - отдел Цена в лева Инвентарен номер Систематично азбучна сигнатура Баркод Цена в евро Служебен тип на артикула
  Не е изгубен Universal Decimal Classification Не е повреден само за читалня ползва се в читалня 849583 Регионална библиотека "Любен Каравелов" Русе Регионална библиотека "Любен Каравелов" Русе Хранилище 2021-08-20 Основен фонд - ползва се само за читалня 0.40 35883 Цб 8.230.35883 900000075110 0.20 Книги
Vip Innovations Ltd, Rousse, Bulgaria 2025